| 000 | 00650nam a2200181 i 4500 | ||
|---|---|---|---|
| 001 | 137552 | ||
| 003 | ES-MaACL | ||
| 005 | 20230906195409.0 | ||
| 007 | t| | ||
| 008 | 070214s1953 sp |||| | spa d | ||
| 100 | 1 |
_aSánchez-Castañer, Francisco. _9102538 |
|
| 245 | 1 | 3 |
_aUn lustro de actividad literaria en Valencia _b: (1942-43 a 1947-48) : (efemérides estadísticas) / _cFrancisco Sánchez-Castañer. |
| 260 |
_aValencia : _bMediterráneo, _c1953. |
||
| 300 |
_a150 p. ; _c21 cm. |
||
| 650 | 0 | 4 |
_aLiteratura española- _zValencia- _xHistoria y crítica. _914576 |
| 650 | 4 |
_aLiteratura valenciana- _yS.XX. _9163368 |
|
| 852 |
_aES-MaACL _jC-16073 |
||
| 999 |
_c137552 _d137552 |
||